Windows 95 Made Easy (Record no. 13614)

000 -LEADER
fixed length control field 00345nam a22001457a 4500
020 ## - INTERNATIONAL STANDARD BOOK NUMBER
International Standard Book Number 0078820901
082 ## - DEWEY DECIMAL CLASSIFICATION NUMBER
Classification number 005.369 SHE
100 ## - MAIN ENTRY--PERSONAL NAME
Personal name Sheldon, Tom
245 ## - TITLE STATEMENT
Title Windows 95 Made Easy
260 ## - PUBLICATION, DISTRIBUTION, ETC.
Place of publication, distribution, etc. New York
Name of publisher, distributor, etc. McGraw-Hill
Date of publication, distribution, etc. 1995
300 ## - PHYSICAL DESCRIPTION
Extent xxviii, 718 p.
500 ## - GENERAL NOTE
General note Includes index
650 ## - SUBJECT ADDED ENTRY--TOPICAL TERM
Topical term or geographic name entry element Operating systems (Computers)
942 ## - ADDED ENTRY ELEMENTS (KOHA)
Koha item type Book
Holdings
Withdrawn status Lost status Damaged status Not for loan Collection code Permanent Location Current Location Shelving location Date acquired Source of acquisition Total Checkouts Full call number Barcode Date last seen Price effective from Koha item type
          Central Library (CL) Central Library (CL) First Floor - Software Engineering/ Programming Language 07/12/2016 Donation   005.369 SHE SEECSD01326 07/22/2016 07/22/2016 Book
© 2023 Central Library, National University of Sciences and Technology. All Rights Reserved.